000 00849nam a2200193 a 4500
003 0
005 20250620131231.0
008 021119s19uu xx 00 eng d
050 _aPHS BF 724.3.R44
_b.P36 1999
100 _aPamintuan, Regina Jean.
245 _aThe Effects of relationships on the studies of teenagers from Southville International School and Golden Values School :
_bschool year 1998-1999 /
_cRegina Jean Pamintuan.
260 _aLas PiƱas City, Philippines :
_bSouthville International School and Colleges,
_c1999.
300 _a31 pages :
_billustrations ;
_c28 cm.
650 _aTeenagers
_zPhilippines
_xPsychology.
650 _aInterpersonal relations in adolescence
_zPhilippines.
650 _aAcademic achievement
_zPhilippines.
650 _aDating (Social customs)
_zPhilippines
_xPsychological aspects.
942 _2lcc
_cPASS
999 _c96256
_d96256